| 000 | 01759nam a2200253 a 4500 | ||
|---|---|---|---|
| 001 | BRCA_8757 | ||
| 005 | 20190320210409.0 | ||
| 008 | 140317s1735----sp-#######---#000-0#spa-# | ||
| 041 | _aspa | ||
| 044 | _asp | ||
| 084 |
_aBE125 _b.J83 1735 |
||
| 100 | 1 |
_aJuan de la Anunciación _cFray _921810 |
|
| 245 | 1 | 0 |
_aParte primera del proptuario del Carmen, para los religiosos Carmelitas Descalzos _cescribe el R. Padre Fray Juan de la Anunciación, su general y se la dedica. |
| 260 |
_aMadrid _bEn la Imprenta Real, por Don Miguel Francisco Rodríguez _c1735 |
||
| 300 |
_a[14], [8], 303 p. _c20.3 x 15.5 cm. |
||
| 500 | _aCon licencia en Madrid | ||
| 500 | _aCon marca de fuego: “Procedencia de la marca: Convento de Santa Teresa Jesús de Querétaro (1). Institución: Orden de Carmelitas Descalzos. Provincia de San Alberto de México. Descripción: Variación sobre las armas de la Orden del Monte Carmelo. Un mantel sumado de una cruz patada y cargado de una letra capital Q. Al timbre, corona real abierta. Observaciones: Esta marca conserva tres elementos del escudo carmelita: la cruz, el mantel / monte y la corona de tres florones, simplificación de la de 12 estrellas (sentido místico del Apocalipsis) (2) ---------- En 2006 Fermín Campos sugirió que la inicial Q es la sigla de la palabra ´Querétaro´. Ubicación de la marca en el libro: Portada” | ||
| 500 | _aEstado físico: presenta encuadernación en pergamino, con cintas rotas y lomo desprendido | ||
| 650 | 1 | 4 |
_aCarmelitas _xHistoria _921751 |
| 700 | 1 |
_aRodríguez, Miguel Francisco _eImpresor _921811 |
|
| 856 | _ahttp://www.marcasdefuego.buap.mx:8180/xmLibris/projects/firebrand/item.jsp?repository=marcas_de_fuego&key=1cac16ac.xml&num=19 | ||
| 902 | _aCFM | ||
| 942 |
_2lcc _cB |
||
| 999 |
_c8409 _d8409 |
||